ბათუმის შოთა რუსთაველის სახელმწიფო უნივერსიტეტის ბიბლიოთეკა

Налоговые системы зарубежных стран. (ბიბ.ჩანაწერი № 35251)

000 -LEADER
fixed length control field 00785nam a2200241Ia 4500
001 - CONTROL NUMBER
control field 1099
003 - CONTROL NUMBER IDENTIFIER
control field GE_BSU
008 - FIXED-LENGTH DATA ELEMENTS--GENERAL INFORMATION
fixed length control field 181216s||||||||xx |||||||||||||| ||und||
020 ## - INTERNATIONAL STANDARD BOOK NUMBER
International Standard Book Number 9785394003738
040 ## - CATALOGING SOURCE
Transcribing agency GE_BSU
080 ## - UNIVERSAL DECIMAL CLASSIFICATION NUMBER
Universal Decimal Classification number 336.2(075.8)
100 ## - MAIN ENTRY--PERSONAL NAME
Personal name Тютюрюков,Н.Н.
245 ## - TITLE STATEMENT
Title Налоговые системы зарубежных стран.
245 ## - TITLE STATEMENT
Remainder of title Уч-к для студ. высш. учебн. завед. по спец."Налоги и налогообложение
260 ## - PUBLICATION, DISTRIBUTION, ETC.
Place of publication, distribution, etc. Москва
260 ## - PUBLICATION, DISTRIBUTION, ETC.
Name of publisher, distributor, etc. Дашков и К
260 ## - PUBLICATION, DISTRIBUTION, ETC.
Date of publication, distribution, etc. 2010
300 ## - PHYSICAL DESCRIPTION
Extent 176стр.
653 ## - INDEX TERM--UNCONTROLLED
Uncontrolled term Налоги и налогообложение
653 ## - INDEX TERM--UNCONTROLLED
Uncontrolled term Налоговые системы зарубежных стран
942 ## - ADDED ENTRY ELEMENTS (KOHA)
Koha item type წიგნი
ეგზემპლარები
Withdrawn status Lost status Damaged status Not for loan Date acquired Barcode Date last seen Price effective from Koha item type
        2018-12-17 812 2018-12-17 2018-12-17 წიგნი